| 000 | 00347nam a2200133Ia 4500 | ||
|---|---|---|---|
| 008 | 150202s9999 xx 000 0 und d | ||
| 020 | _a441783309 | ||
| 050 |
_aFIC _bFIC |
||
| 100 | _aCrispin, A.C. | ||
| 245 |
_aSilent dances / _cA.C. Crispin. |
||
| 260 |
_aNew York : _bAce Books, _c1990. |
||
| 300 |
_a274 pages : _c18 cm. |
||
| 650 | _aFiction. | ||
| 999 |
_c281967 _d281967 |
||